Countries from Northernmost to Southernmost - Statistics

General Stats
  • This quiz has been taken 24 times
    18 since last reset
  • The average score is 95 of 196
Answers on the Map
Answers color-coded by a green-red scale on the quiz's map according to % correct below.
 
Answer Stats
Answer % Correct
Belarus
100%
Belgium
100%
Canada
100%
China
100%
Denmark
100%
Estonia
100%
Finland
100%
Germany
100%
Iceland
100%
Ireland
100%
Kazakhstan
100%
Latvia
100%
Lithuania
100%
Mongolia
100%
Netherlands
100%
Norway
100%
Poland
100%
Russia
100%
Sweden
100%
United Kingdom
100%
Austria
91%
Croatia
91%
Czech Republic
91%
France
91%
Hungary
91%
Italy
91%
Japan
91%
Liechtenstein
91%
Luxembourg
91%
Moldova
91%
Romania
91%
Serbia
91%
Slovakia
91%
Slovenia
91%
Switzerland
91%
Ukraine
91%
United States
91%
Uzbekistan
91%
Bosnia and Herzegovina
82%
Bulgaria
82%
San Marino
73%
Spain
73%
Afghanistan
64%
Albania
64%
Algeria
64%
Andorra
64%
Armenia
64%
Azerbaijan
64%
Bahamas
64%
Bangladesh
64%
Bhutan
64%
Cyprus
64%
Egypt
64%
Georgia
64%
Greece
64%
India
64%
Iran
64%
Iraq
64%
Israel
64%
Jordan
64%
Kosovo
64%
Kuwait
64%
Kyrgyzstan
64%
Lebanon
64%
Libya
64%
Malta
64%
Mauritania
64%
Mexico
64%
Monaco
64%
Montenegro
64%
Morocco
64%
Myanmar
64%
Nepal
64%
North Korea
64%
North Macedonia
64%
Pakistan
64%
Portugal
64%
Saudi Arabia
64%
South Korea
64%
Syria
64%
Tajikistan
64%
Tunisia
64%
Turkey
64%
Turkmenistan
64%
Vatican City
64%
Antigua and Barbuda
55%
Bahrain
55%
Belize
55%
Cape Verde
55%
Chad
55%
Cuba
55%
Dominica
55%
Dominican Republic
55%
Eritrea
55%
Guatemala
55%
Haiti
55%
Honduras
55%
Jama
55%
Laos
55%
Mali
55%
Nicaragua
55%
Niger
55%
Oman
55%
Philippines
55%
Qatar
55%
Saint Kitts and Nevis
55%
Senegal
55%
Sudan
55%
Taiwan
55%
Thailand
55%
United Arab Emirates
55%
Vietnam
55%
Yemen
55%
Burkina Faso
45%
Colombia
45%
El Salvador
45%
Ethiopia
45%
Gambia
45%
Saint Lucia
45%
Venezuela
45%
Barbados
36%
Cambodia
36%
Guinea
36%
Marshall Islands
36%
Nigeria
36%
Saint Vincent and the Grenadines
36%
Benin
27%
Cameroon
27%
Djibouti
27%
Grenada
27%
Guinea-Bissau
27%
Somalia
27%
South Sudan
27%
Central African Republic
18%
Costa Rica
18%
Cote d'Ivoire
18%
Federated States of Micronesia
18%
Ghana
18%
Guyana
18%
Indonesia
18%
Kiribati
18%
Liberia
18%
Malaysia
18%
Maldives
18%
Palau
18%
Panama
18%
Sierra Leone
18%
Singapore
18%
Sri Lanka
18%
Suriname
18%
Togo
18%
Trinidad and Tobago
18%
Angola
9%
Brazil
9%
Brunei
9%
Burundi
9%
Democratic Republic of the Congo
9%
Ecuador
9%
Equatorial Guinea
9%
Gabon
9%
Kenya
9%
Nauru
9%
Papua New Guinea
9%
Peru
9%
Republic of the Congo
9%
Rwanda
9%
Sao Tome and Principe
9%
Seychelles
9%
Solomon Islands
9%
Tanzania
9%
Tuvalu
9%
Uganda
9%
Argentina
0%
Australia
0%
Bolivia
0%
Botswana
0%
Chile
0%
Comoros
0%
Eswatini
0%
Fiji
0%
Lesotho
0%
Madagascar
0%
Malawi
0%
Mauritius
0%
Mozambique
0%
Namibia
0%
New Zealand
0%
Paraguay
0%
Samoa
0%
South Africa
0%
Timor-Leste
0%
Tonga
0%
Uruguay
0%
Vanuatu
0%
Zambia
0%
Zimbabwe
0%
No matching quizzes found
Score Distribution
Percent of People with Each Score
Percentile by Number Answered
Your Score History
You have not taken this quiz since the last reset